=LDR 00000nam 2200000 4500 =001 INLIS000000000025375 =005 20130612123906 =008 ***********************************Ind** =035 ##$$0010-061300000025375 =041 ##$$a Ind =082 ##$$a 2X5.1 =090 ##$$a 2X5.1, Gym d =100 ##$$a Gymnastiar, Abdullah =245 ##$$a Aku bisa, Manajemen qolbu untuk melejitkan potensi, Abdullah Gymnastiar =260 ##$$a 2005 $b Bandung =300 ##$$a 164 hlm, ilus, 21 cm =650 ##$$a Manajemen Qolbu =850 ##$$a NBPNMAT